000 00560nam a2200217 4500
001 765479
005 20180223082957.0
008 720224s1972 njua b 001 0 eng
010 _a 70159445
020 _a0137961774
040 _aDLC
_cDLC
_dDLC
041 _aeng
080 _a796.077 BUN
082 0 0 _a796.077 BUN
100 1 _a8
101 _aEKF
245 1 0 _aScientific principles of coaching
_c[by] John W. Bunn.
504 _aIncludes bibliographical references.
906 _a7
_bcbc
_corignew
_d2
_encip
_f19
_gy-gencatlg
942 _2ddc
_cBK
999 _c43311
_d43311